| 000 | 00519nam a22001817i 4500 | ||
|---|---|---|---|
| 001 | 1981 | ||
| 003 | OSt | ||
| 005 | 20170126082301.0 | ||
| 007 | tu | ||
| 008 | 161220s1988 xxu||||| |||| 00| 0 d | ||
| 024 | 7 |
_a1980 _2RID |
|
| 040 | _cOSt | ||
| 084 |
_a22.4 _a15.24 _a15.506 _2z |
||
| 245 | 0 | 0 | _aInnovationen - Wirtschaft - Umwelt. Chancen der österreichischen Wirtschaft im Bereich der Umwelttechnik |
| 260 |
_aWien, _c1988. |
||
| 300 |
_a600 S. ; _c30cm. |
||
| 110 | 2 |
_aBundesministerium für wirtschaftliche Angelegenheiten _eEd. |
|
| 942 | _cB | ||
| 999 |
_c1960 _d1960 |
||